The Biblical Rembrandt : (Record no. 18163)

000 -LEADER
fixed length control field 01582cam a22003254a 4500
001 - CONTROL NUMBER
control field 13702065
005 - DATE AND TIME OF LATEST TRANSACTION
control field 20161203095146.0
008 - FIXED-LENGTH DATA ELEMENTS--GENERAL INFORMATION
fixed length control field 040827s2004 gaua b 001 0 eng
010 ## - LIBRARY OF CONGRESS CONTROL NUMBER
LC control number 2004020509
020 ## - INTERNATIONAL STANDARD BOOK NUMBER
International Standard Book Number 0865548862 (hardcover : alk. paper)
040 ## - CATALOGING SOURCE
Original cataloging agency DLC
Transcribing agency DLC
Modifying agency DLC
042 ## - AUTHENTICATION CODE
Authentication code pcc
050 00 - LIBRARY OF CONGRESS CALL NUMBER
Classification number N6953.R4D87 2004
Item number D87 2004
082 00 - DEWEY DECIMAL CLASSIFICATION NUMBER
Edition number 22
100 1# - MAIN ENTRY--PERSONAL NAME
Personal name Durham, John I.,
Dates associated with a name 1933-
245 14 - TITLE STATEMENT
Title The Biblical Rembrandt :
Remainder of title human painter in a landscape of faith /
Statement of responsibility, etc. John I Durham.
246 30 - VARYING FORM OF TITLE
Title proper/short title Human painter in a landscape of faith
250 ## - EDITION STATEMENT
Edition statement 1st ed.
260 ## - PUBLICATION, DISTRIBUTION, ETC. (IMPRINT)
Place of publication, distribution, etc. Macon, Ga. :
Name of publisher, distributor, etc. Mercer University Press,
Date of publication, distribution, etc. 2004.
300 ## - PHYSICAL DESCRIPTION
Extent viii, 255 p. :
Other physical details ill. (some col.) ;
Dimensions 27 cm.
504 ## - BIBLIOGRAPHY, ETC. NOTE
Bibliography, etc Includes bibliographical references and indexes.
505 0# - FORMATTED CONTENTS NOTE
Formatted contents note 1. To begin with -- 2. Human painter of the human condition -- 3. Rembrandt's Bible -- 4. Rembrandt's pictures -- 5. Rembrandt's meaning -- 6. Rembrandt's faith -- 7. Rembrandt's diary -- 8. To end with.
600 00 - SUBJECT ADDED ENTRY--PERSONAL NAME
Personal name Rembrandt Harmenszoon van Rijn,
Dates associated with a name 1606-1669
General subdivision Criticism and interpretation.
600 00 - SUBJECT ADDED ENTRY--PERSONAL NAME
Personal name Rembrandt Harmenszoon van Rijn,
Dates associated with a name 1606-1669
General subdivision Religion.
630 00 - SUBJECT ADDED ENTRY--UNIFORM TITLE
Uniform title Bible
Form subdivision Illustrations.
856 41 - ELECTRONIC LOCATION AND ACCESS
Materials specified Table of contents
Uniform Resource Identifier <a href="http://www.loc.gov/catdir/toc/ecip0422/2004020509.html">http://www.loc.gov/catdir/toc/ecip0422/2004020509.html</a>
906 ## - LOCAL DATA ELEMENT F, LDF (RLIN)
a 7
b cbc
c orignew
d 1
e ecip
f 20
g y-gencatlg
942 ## - ADDED ENTRY ELEMENTS (KOHA)
Source of classification or shelving scheme
Koha item type Hard Covered Materials
Classification part N6953.R4D87 2004
Holdings
Withdrawn status Lost status Source of classification or shelving scheme Damaged status Not for loan Home library Current library Shelving location Date acquired Source of acquisition Total Checkouts Full call number Barcode Date last seen Price effective from Koha item type
          MACHAKOS UNIVERSITY LIBRARY MACHAKOS UNIVERSITY LIBRARY Open shelf 03/12/2016 Donation(B.F.A)   N6953.R4D87 2004 28531 03/12/2016 03/12/2016 Hard Covered Materials
© Machakos University Library, Along The Highway, Machakos Wote Rd, Machakos, Kenya P.O. Box 136 - 90100 Machakos - Kenya

Tel: ( +254 ) 723 805829 OR Fax : 044-20353 OR Email: library@mksu.ac.ke